000 00579nam a2200229Ia 4500
003 OSt
005 20220924132531.0
006 a|||||r|||| 00| 0
007 ta
008 220923b |||||||| |||| 00| 0 san d
024 _a59975
037 _cTextual
040 _aARTS
_cARTS
_bsan
041 _2san
_asan
082 _aQ2:4zxE5, 15J9
100 _aBhatta S B
_9204463
245 0 _aSava Sutakasauca Prakarana ed by R C Hazra
260 _c1959
650 _aRELIGION
942 _hQ2:4zxE5, 15J9
_cTEXL
_2CC
999 _c430600
_d430600